Macleod's Clinical Examination (Record no. 4036)

MARC details
000 -LEADER
fixed length control field 00591nam a22002057a 4500
003 - CONTROL NUMBER IDENTIFIER
control field OSt
005 - DATE AND TIME OF LATEST TRANSACTION
control field 20210121114452.0
008 - FIXED-LENGTH DATA ELEMENTS--GENERAL INFORMATION
fixed length control field 160513b xxu||||| |||| 00| 0 eng d
020 ## - INTERNATIONAL STANDARD BOOK NUMBER
International Standard Book Number 9780443068485
040 ## - CATALOGING SOURCE
Transcribing agency 040a
082 ## - DEWEY DECIMAL CLASSIFICATION NUMBER
Classification number WB115
Item number M225g 2009
100 ## - MAIN ENTRY--PERSONAL NAME
Personal name Edited by Graham Douglas; Fiona Nicol; Colin Robertson
9 (RLIN) 13850
245 ## - TITLE STATEMENT
Title Macleod's Clinical Examination
250 ## - EDITION STATEMENT
Edition statement 12th.ed
260 ## - PUBLICATION, DISTRIBUTION, ETC. (IMPRINT)
Place of publication, distribution, etc. Edinburgh;
Name of publisher, distributor, etc. Churchill Livingstone,
Date of publication, distribution, etc. 2009
300 ## - PHYSICAL DESCRIPTION
Extent xiii, 476p;
Other physical details col.ill:
Dimensions 16 cm.
504 ## - BIBLIOGRAPHY, ETC. NOTE
Bibliography, etc Includes index
650 ## - SUBJECT ADDED ENTRY--TOPICAL TERM
Topical term or geographic name as entry element Clinical examinations
9 (RLIN) 8797
942 ## - ADDED ENTRY ELEMENTS (KOHA)
Source of classification or shelving scheme Dewey Decimal Classification
Koha item type Short Loan
Holdings
Withdrawn status Lost status Source of classification or shelving scheme Damaged status Not for loan Home library Current library Date acquired Source of acquisition Inventory number Total Checkouts Full call number Barcode Date last seen Koha item type Public note
    Other/Generic Classification Scheme     MUST Main Library MUST Main Library 13/05/2016 Purchase 11/33062   WB115 M225g 2009 2016-1898 13/05/2016 Short Loan  
    Other/Generic Classification Scheme     MUST Main Library MUST Main Library 21/01/2021 Purchase 20/41382   WB115 M225g 2009 2021-0001 21/01/2021 Open Shelf LIB. USE ONLY